000
00434nam a2200169Ia 4500
008
220531s9999 xx 000 0 und d
041
_a
mar
100
_a
शिवदे सदाशिव
_9
51980
245
_a
शिवपत्नी सर्इबाई
250
_a
1ST
260
_b
Diamand
_c
2008
300
_a
223
542
_d
21-08-2008
650
_a
History
_9
51981
906
_d
2008-2009
999
_c
30209
_d
30209